Fr. Conceicao Rodrigues College of Engineering

BROACHING (Record no. 22300)

MARC details
000 -LEADER
fixed length control field 00235nam a2200109Ia 4500
082 ## - DEWEY DECIMAL CLASSIFICATION NUMBER
Classification number 621.954
100 ## - MAIN ENTRY--PERSONAL NAME
Personal name Monday/ c.
245 ## - TITLE STATEMENT
Title BROACHING
260 ## - PUBLICATION, DISTRIBUTION, ETC.
Name of publisher, distributor, etc. MAchinerys Standard Reference Series
Date of publication, distribution, etc. 2001
546 ## - LANGUAGE NOTE
Language note ENGLISH
942 ## - ADDED ENTRY ELEMENTS (KOHA)
Koha item type BOOK
Holdings
Withdrawn status Lost status Damaged status Not for loan Collection Home library Current library Date acquired Cost, normal purchase price Total Checkouts Full call number Barcode Date last seen Cost, replacement price Price effective from Koha item type
        AFT Fr. Agnel's C.Rodrigues College of Engineering Fr. Agnel's C.Rodrigues College of Engineering 17/03/2023 22.50   621.954 AFT476 17/03/2023 22.50 17/03/2023 BOOK